BAMBAŞKA (Record no. 974629)

MARC details
000 -LEADER
sabit uzunluktaki kontrol alanı 00237nam a2200097Ia 4500
001 - KONTROL NUMARASI
kontrol alanı 974629
005 - EN SON İŞLEMİN TARİH VE ZAMANI
kontrol alanı 20250826220633.0
008 - SABİT-UZUNLUKTA VERİ ÖĞELERİ--GENEL BİLGİ
sabit uzunluktaki kontrol alanı 250824s9999 xx 000 0 und d
245 #0 - ESER / YAZAR
ESER ADI BAMBAŞKA
Yazar Adı KAHRAMAN TAZEOĞLU
260 ## - YAYIN, DAĞITIM, VB.
YAYIN EVİ DESTEK YAYINLARI
Holdings
Düşüm durumu Kayıp durumu Hasar Durumu Ödünç verilmez Ana kütüphane Geçerli Kütüphane Edinilen tarih Toplam ödünç verme sayısı Barkod Son görüntüleme tarihi Fiyatın geçerli olmaya başladığı tarih Koha materyal türü
        BUHARİ ANADOLU İMAM HATİP LİSESİ BUHARİ ANADOLU İMAM HATİP LİSESİ 24.08.2025   10684351 26.08.2025 26.08.2025 Books